20 1M cities Likely to be Closest to Random Point on Land - Statistics

General Stats
  • This quiz has been taken 439 times
  • The average score is 6 of 20
Answer Stats
% City % Correct
2.0% Perth
63%
1.1% Santiago
56%
2.7% Melbourne
54%
1.2% Cape Town
47%
1.1% Vancouver
46%
1.0% Ulaanbaatar
43%
1.4% Brisbane
41%
1.1% Montreal
37%
3.2% Edmonton
34%
1.7% Adelaide
31%
2.2% Manaus
24%
1.0% Urumqi
24%
1.4% Khartoum
23%
1.2% N'Djamena
14%
1.2% Sapporo
14%
1.1% Tripoli
9%
2.6% Krasnoyarsk
8%
1.6% Port Elizabeth
4%
1.8% Qiqihar
3%
1.0% Makassar
2%
No matching quizzes found
Score Distribution
Percent of People with Each Score
Percentile by Number Answered
Your Score History
You have not taken this quiz